01156nam a2200313Ia 4500001001200000003000800012006001900020007001500039008004100054020001500095040002100110035002100131050002600152082001900178110003700197245010000234250001200334260004900346300002500395500002000420533015200440630001500592650002700607655002900634700001900663710001700682856012600699999001700825ebr10146623CaPaEBRm u cr cn|||||||||060717s2006 maua s 001 0 eng d z1598631543 aCaPaEBRcCaPaEBR a(OCoLC)22816766814aTK7881.4b.D54 2006eb04a780.2855362222 aDigidesign Training & Education.10aPro tools 101h[electronic resource] :bofficial courseware /cby Digidesign and Frank D. Cook. a3rd ed. aBoston :bThomson Course Technology,cc2006. axxiv, 371 p. :bill. aIncludes index. aElectronic reproduction.bPalo Alto, Calif. :cebrary,d2009.nAvailable via World Wide Web.nAccess may be limited to ebrary affiliated libraries.00aPro Tools. 0aDigital audio editors. 7aElectronic books.2local1 aCook, Frank D.2 aebrary, Inc.40uhttp://site.ebrary.com/lib/rucke/Doc?id=10146623zAn electronic book accessible through the World Wide Web; click to view c87984d87984